000 01241cam a22003134a 4500
001 13663179
005 20220222111359.0
008 040723s2004 mau b 000 0 eng
010 _a 2004056137
020 _a0306813769 (pbk. : alk. paper)
040 _aDLC
_cDLC
_dDLC
042 _apcc
043 _an-us---
050 0 0 _aHQ1090.3.B59 2004
_b.B59 2004
100 1 _aBly, Robert.
245 1 0 _aIron John :
_ba book about men /
_cRobert Bly.
250 _a1st DaCapo Press ed.
260 _aCambridge, MA :
_bDaCapo Press,
_c2004.
300 _axv, 268 p. ;
_c21 cm.
504 _aIncludes bibliographical references.
650 0 _aMen
_zUnited States.
650 0 _aMasculinity.
650 0 _aMen
_zUnited States
_xPsychology.
856 4 2 _3Publisher description
_uhttp://www.loc.gov/catdir/enhancements/fy0832/2004056137-d.html
856 4 2 _3Contributor biographical information
_uhttp://www.loc.gov/catdir/enhancements/fy0832/2004056137-b.html
906 _a7
_bcbc
_corignew
_d1
_eocip
_f20
_gy-gencatlg
942 _2lcc
_cBOOKS
_hHQ1090.3.B59 2004
999 _c31079
_d31079